Kompass Egypt finance : (Record no. 18075)
[ view plain ]
| 000 -LEADER | |
|---|---|
| fixed length control field | 00911nas a22002297a 4500 |
| 005 - DATE AND TIME OF LATEST TRANSACTION | |
| control field | 20141119145722.0 |
| 008 - FIXED-LENGTH DATA ELEMENTS--GENERAL INFORMATION | |
| fixed length control field | 140223c19uu9999ua ar ry|||f00| a0eng d |
| 043 ## - GEOGRAPHIC AREA CODE | |
| Geographic area code | f-ua--- |
| 082 04 - DEWEY DECIMAL CLASSIFICATION NUMBER | |
| Edition number | 22 |
| Classification number | 338.7402562 |
| Item number | KOM |
| 245 00 - TITLE STATEMENT | |
| Title | Kompass Egypt finance : |
| Remainder of title | yearbook 2013-2014 issue 16 : listed securities and stocks on the Egyptian exchange and multinational companies in Egypt. |
| 260 ## - PUBLICATION, DISTRIBUTION, ETC. (IMPRINT) | |
| Place of publication, distribution, etc | Kalyub, Egypt : |
| Name of publisher, distributor, etc | Ahram Commercial Press |
| 300 ## - PHYSICAL DESCRIPTION | |
| Extent | V. : |
| Other physical details | ill. (some col.) ; |
| Dimensions | 32 cm. |
| 310 ## - CURRENT PUBLICATION FREQUENCY | |
| Current publication frequency | Annual |
| 500 ## - GENERAL NOTE | |
| General note | Index : p. 463-495. |
| 588 ## - SOURCE OF DESCRIPTION NOTE | |
| SOURCE OF DESCRIPTION NOTE | Description based on : 2013 / 2014. |
| 588 ## - SOURCE OF DESCRIPTION NOTE | |
| SOURCE OF DESCRIPTION NOTE | Latest issue consulted : Issue 16 (Yearbook 2013 / 2014).<br/> |
| 650 #0 - SUBJECT ADDED ENTRY--TOPICAL TERM | |
| Topical term or geographic name as entry element | Industries |
| Geographic subdivision | Egypt |
| Form subdivision | Directories |
| 9 (RLIN) | 35331 |
| 650 #0 - SUBJECT ADDED ENTRY--TOPICAL TERM | |
| Topical term or geographic name as entry element | Business enterprises |
| Geographic subdivision | Egypt |
| Form subdivision | Directories |
| 9 (RLIN) | 35332 |
| 651 #0 - SUBJECT ADDED ENTRY--GEOGRAPHIC NAME | |
| Geographic name | Egypt |
| General subdivision | Commerce |
| Form subdivision | Directories |
| 9 (RLIN) | 35333 |
| 653 ## - INDEX TERM--UNCONTROLLED | |
| Resource For college | BAEPS, Business Administration |
| Arrived date list | February2014 |
| 942 ## - ADDED ENTRY ELEMENTS (KOHA) | |
| Source of classification or shelving scheme | Dewey Decimal Classification |
| Item type | Reference (NB) |
| Call number prefix | 338.7402562 KOM |
| Withdrawn status | Lost status | Source of classification or shelving scheme | Damaged status | Not for loan | Koha collection | Location (home branch) | Sublocation or collection (holding branch) | Shelving location | Date acquired | Source of acquisition | Cost, normal purchase price | Koha issues (times borrowed) | Koha renewals | Koha full call number | Piece designation (barcode) | Koha date last seen | Koha date last borrowed | Cost, replacement price | Price effective from | Koha item type |
|---|---|---|---|---|---|---|---|---|---|---|---|---|---|---|---|---|---|---|---|---|
| Dewey Decimal Classification | Baccah | Central Library | Central Library | Ground Floor | 23/02/2014 | Purchase | 1750.00 | 2 | 1 | 338.7402562 KOM | 000035638 | 04/12/2023 | 18/09/2018 | 2187.50 | 23/02/2014 | Reference (NB) |